| 000 | 01764nam a2200385 c 4500 | ||
|---|---|---|---|
| 003 | BLK | ||
| 005 | 20230216123044.0 | ||
| 008 | 180408b bul|||||r ||||||| ||bul|| | ||
| 010 | _aKNG00092918000 | ||
| 020 |
_a978-954-528-770-1 _bиздат.: Труд |
||
| 040 | _aBLK | ||
| 041 |
_aBUL _cBUL |
||
| 080 |
_aИстория на България _b94(497.2) _x(02.062) _z94(497.2)(02.062) |
||
| 080 |
_aИстория на Русия и СССР. Вж и 936 ; 957 _b94(470) _x(02.062) _z94(470)(02.062) |
||
| 100 | 1 |
_aПетков, Пламен _eпърви автор _9368711 |
|
| 700 | 1 |
_aМихайлов, Красимир _eфотогр. _9303085 |
|
| 139 |
_aПетков, Пламен _bП 44 |
||
| 245 | 1 | 0 |
_aБългарите _b30 000 километра в търсене на прародината _cПламен Петков; фотогр. Красимир Михайлов. |
| 250 | _a2. изд. | ||
| 257 | _aBGR | ||
| 260 |
_аСофия _bТруд _c2008 _fСофия : Унив. изд. Св. Кл. Охридски |
||
| 300 |
_a288 с., ил., к. _c27 см |
||
| 380 | _a9 | ||
| 500 | _a1. изд. 2007 със загл. Българите : Историята на едно уникално пътуване : 30 000 километра в търсене на прародината. - Други фотогр. : Пл. Петков, Д. Кочунски. - Офс. изд. | ||
| 650 | 4 |
_aБългари - произход _9264498 |
|
| 651 | 4 |
_aБългария _9241624 |
|
| 653 | _aбългари | ||
| 653 | _aпрабългари | ||
| 653 | _aбългарска история | ||
| 852 | _aЦб ІІ 15916 | ||
| 856 | 4 |
_qpdf _u |
|
| 856 | 4 |
_qpdf _u |
|
| 942 |
_cKNG _n0 _07 |
||
| 944 |
_aCR _c08.12.2009 _lф / _kЛюдмила_Стоянова |
||
| 944 |
_aED _c22.12.2011 _lф / _k |
||
| 999 |
_c88256 _d88256 |
||